<?xml version="1.0" encoding="UTF-8"?>
<collection xmlns="http://www.loc.gov/MARC21/slim">
 <record>
  <leader>01175pam a22002658a 4500</leader>
  <controlfield tag="001">00024814</controlfield>
  <controlfield tag="005">20171026081022.0</controlfield>
  <controlfield tag="008">110724s1991                  ||||||Viesd</controlfield>
  <datafield tag="041" ind1="0" ind2="#">
   <subfield code="a">Vie</subfield>
  </datafield>
  <datafield tag="082" ind1="1" ind2="4">
   <subfield code="a">335.417 6</subfield>
   <subfield code="b">H561D</subfield>
  </datafield>
  <datafield tag="110" ind1="1" ind2="#">
   <subfield code="a">Vụ chính trị</subfield>
   <subfield code="b">Bộ GD và ĐT</subfield>
  </datafield>
  <datafield tag="245" ind1="0" ind2="0">
   <subfield code="a">Hướng dẫn ôn tập môn kinh tế chính trị Mác_Lênin</subfield>
   <subfield code="b">Câu hỏi và trả lời,Dùng cho sinh viên các trường đại học, cao đẳng(khối kỹ thuật không chuyên kinh tế) và trung học chuyên nghiệp khối chuyên kinh tế</subfield>
  </datafield>
  <datafield tag="260" ind1="#" ind2="#">
   <subfield code="b">tư tưởng-văn hóa</subfield>
   <subfield code="c">1991</subfield>
   <subfield code="a">H.</subfield>
  </datafield>
  <datafield tag="300" ind1="#" ind2="#">
   <subfield code="a">238tr.</subfield>
   <subfield code="c">19cm.</subfield>
  </datafield>
  <datafield tag="650" ind1="#" ind2="4">
   <subfield code="a">Kinh té chính trị</subfield>
  </datafield>
  <datafield tag="653" ind1="#" ind2="#">
   <subfield code="a">Kinh tế</subfield>
   <subfield code="a">chính trị</subfield>
   <subfield code="a">Mác_Lênin</subfield>
   <subfield code="a">Hướng dẫn</subfield>
   <subfield code="a">Ôn tập</subfield>
  </datafield>
  <datafield tag="852" ind1="#" ind2="#">
   <subfield code="b">Kho giáo trình</subfield>
   <subfield code="j">KGT.0018148, KGT.0018149, KGT.0018150, KGT.0018151, KGT.0018152</subfield>
  </datafield>
  <datafield tag="852" ind1="#" ind2="#">
   <subfield code="b">Kho mượn</subfield>
   <subfield code="j">KGT.0018148</subfield>
  </datafield>
  <datafield tag="852" ind1="#" ind2="#">
   <subfield code="j">KGT.0018148</subfield>
   <subfield code="j">KGT.0018151</subfield>
   <subfield code="j">KGT.0018149</subfield>
   <subfield code="j">KGT.0018150</subfield>
  </datafield>
  <datafield tag="910" ind1=" " ind2=" ">
   <subfield code="d">24/07/2011</subfield>
  </datafield>
  <datafield tag="980" ind1="#" ind2="#">
   <subfield code="a">Trung tâm Học liệu Lê Vũ Hùng, Trường Đại học Đồng Tháp</subfield>
  </datafield>
 </record>
</collection>
